Southville International School and Colleges
Your cart is empty.
  • Cart
  • Lists
    Public lists Eva Luna New books Lux_list list_1
    Your lists Log in to create your own lists
  • Log in to your account
  • Your cookies
  • Search history
Southville International School and Colleges
  • Advanced search
  • Recent comments
  • Most popular
  • Libraries

Log in to your account

Log in with GOOGLE


If you do not have an external account, but do have a local account, you can still log in:

  1. Home
  2. MARC view: Archipel 1 :
Normal view MARC view ISBD view

Archipel 1 : (Record no. 9833)

[ view plain ]
MARC details
000 -LEADER
fixed length control field 00561nam a22001937a 4500
003 - CONTROL NUMBER IDENTIFIER
control field OSt
005 - DATE AND TIME OF LATEST TRANSACTION
control field 20140310182140.0
008 - FIXED-LENGTH DATA ELEMENTS--GENERAL INFORMATION
fixed length control field 130829t xxu||||| |||| 00| 0 eng d
050 ## - LIBRARY OF CONGRESS CALL NUMBER
Classification number PC 2112
Item number .C864 1982
082 ## - DEWEY DECIMAL CLASSIFICATION NUMBER
Classification number HS 914.980305
Item number C83 1982
100 ## - MAIN ENTRY--PERSONAL NAME
Personal name Courtillon, Janine
9 (RLIN) 15190
245 ## - TITLE STATEMENT
Title Archipel 1 :
Remainder of title unitis 1 a 7 /
Statement of responsibility, etc Janine Courtillon
260 ## - PUBLICATION, DISTRIBUTION, ETC. (IMPRINT)
Place of publication, distribution, etc Paris :
Name of publisher, distributor, etc Didier,
Date of publication, distribution, etc c1982.
300 ## - PHYSICAL DESCRIPTION
Extent 191 p. :
Other physical details ill. ;
Dimensions 27 cm.
650 ## - SUBJECT ADDED ENTRY--TOPICAL TERM
Topical term or geographic name as entry element Archipelago
General subdivision Periodicals
9 (RLIN) 16092
650 ## - SUBJECT ADDED ENTRY--TOPICAL TERM
Topical term or geographic name as entry element Peninsula
General subdivision Periodicals.
9 (RLIN) 16093
942 ## - ADDED ENTRY ELEMENTS (KOHA)
Source of classification or shelving scheme Library of Congress Classification
Koha item type
Holdings
Withdrawn status Lost status Source of classification or shelving scheme Damaged status Home library Current library Shelving location Date acquired Total Checkouts Full call number Barcode Date last seen Copy number Price effective from Koha item type
    Library of Congress Classification   Luxembourg Library Luxembourg Library High School Section 08/29/2013   PC 2112 .C864 1982 11836 01/19/2016 1 08/29/2013 Books

Archipel 1 :

APA

Courtillon J., . (1982). Archipel 1. Paris: Didier.

Chicago

Courtillon Janine, . 1982. Archipel 1. Paris: Didier.

Harvard

Courtillon J., . (1982). Archipel 1. Paris: Didier.

MLA

Courtillon Janine, . Archipel 1. Paris: Didier. 1982.

  • Place hold
  • Print
  • Cite
  • Add to your cart (remove)
  • Save record
    BIBTEX Dublin Core MARCXML MARC (non-Unicode/MARC-8) MARC (Unicode/UTF-8) MARC (Unicode/UTF-8, Standard) MODS (XML) RIS
  • More searches
    Search for this title in:
    Other Libraries (WorldCat) Other Databases (Google Scholar) Online Stores (Bookfinder.com) Open Library (openlibrary.org)

Exporting to Dublin Core...

SOUTHVILLE LIBRARY

Southville International School and Colleges Library

1281 Tropical Ave. Cor. Luxembourg St., BF Homes International, Las Pinas City

Tel. No. 8256374 / 252358 Loc. 117/146

Powered by Koha